000 03454nam0a2200469 4500
001 RU\NLR\bibl\1508111
005 20260406121126.0
010 _a978-5-4224-0022-5
021 _aRU
_b2010-20512
_91384
035 _a(nilc)RSL-KNO-004619959
035 _a(NLR Aleph) 001499522
090 _a1792460
_c1792460
100 _a20100323d2010 |||y0rusy50 ca
101 1 _arus
_clat
102 _aRU
105 _ay zzzz|||||
200 1 _aРимские поэты
_eсборник произведений
_f[сост. Н. Саркитов, Е. Кузнец
_gотв. ред. Е. Кузнец
_gпер. с лат. А. Фета, Н. Шатерникова
_gвступ. ст., коммент., указ., словарь Е. Кузнеца]
210 _aМосква
_cКнижный Клуб Книговек
_d2010
215 _a414, [1] с.
_d21
225 1 _aБиблиотека античной литературы
_iРим
300 _aСодерж.: авт.: Ювенал, Персий, Марциал
311 _aЛитературное приложение Огонек
320 _aУказ. имен: с. 388-401
422 0 _12001#$aОгонек
_tОгонек
600 0 _aФет
_bА. А.
_f1820-1892
_gАфанасий Афанасьевич
_2nav
606 1 _aПоэзия римская
_92037274
_3RU\NLR\auth\66938953
610 0 _aФилологические науки. Художественная литература -- Мировая литература -- Литература древнего мира -- Римская литература -- Римская литература периода империи (1 в. до н.э. - 5 в. н.э.) -- Римская литература 1 - 5 вв. н.э. -- Произведения античной литературы -- Поэзия -- Сборники разных авторов
610 0 _aФилологические науки. Художественная литература -- Россия -- Русская литература -- 2-я пол. 19 в. (до сер. 90-х гг.) -- Произведения художественной литературы -- Поэзия -- Поэтические переводы -- Фет Афанасий Афанасьевич (1820-1892) - переводчик
610 0 _aФилологические науки. Художественная литература -- Россия -- Русская литература -- кон. 19 - нач. 20 в. (2-ая пол. 90-х гг. 19 в. - 1917 г.) -- Произведения художественной литературы -- Поэзия -- Поэтические переводы -- Шатерников Николай Иванович (р.1871) - переводчик
686 _aШ5(0)353.2-6,5я43
_2rubbk
686 _aШ5(2=Р)52-657Фет А.А.
_2rubbk
686 _aШ5(2=Р)53-657Шатерников Н.И.
_2rubbk
686 _aШ5(0)35-335
702 1 _4220
_8rus
_7ca
_aСаркитов
_bН. Д.
_gНиколай Даутович
_3RU\NLR\auth\7783695
_966623
702 1 _aКузнец
_bЕ.
_4340
702 1 _4730
_8rus
_7ca
_aФет
_bА. А.
_f1820-1892
_gАфанасий Афанасьевич
_3RU\NLR\auth\77505
_9110554
801 0 _aRU
_bРГБ
_c20100323
_grcr
801 1 _aRU
_bРГБ
_c20100323
801 2 _aRU
_bNLR
_c20100506
_grcr
942 _cBOOK
980 _aNB